[Event "Mittelfrankenliga 05/06 (B1)"]
[Site "Mfr.2005/06-R5"]
[Date "2006.01.29"]
[Round "5.1"]
[White "Woerl, Richard"]
[Black "Promyshlyanskiy, Vitaliy"]
[Result "0-1"]
[WhiteElo "1976"]
[BlackElo "2204"]
[Annotator "NT Nbg.3-SW Nbg.2"]
[PlyCount "52"]
[EventDate "2006.01.29"]
[SourceDate "2005.10.17"]

1. e4 Nc6 2. d4 e5 3. d5 Nce7 4. Bd3 Ng6 5. Be3 Nf6 6. Nd2 Be7 7. f3 Nh5 8. g3
O-O 9. Bf2 Nf6 10. Ne2 d6 11. h3 Bd7 12. f4 exf4 13. gxf4 Nh5 14. Be3 Bh4+ 15.
Kf1 f5 16. exf5 Bxf5 17. Bxf5 Rxf5 18. Nd4 Rxd5 19. c4 Ng3+ 20. Kg1 Rxd4 21.
Bxd4 Nxh1 22. Kxh1 Qd7 23. Qf3 Rf8 24. Rg1 Rxf4 25. Qd5+ Kh8 26. Kh2 c6 0-1

[Event "Mittelfrankenliga 05/06 (B1)"]
[Site "Mfr.2005/06-R5"]
[Date "2006.01.29"]
[Round "5.3"]
[White "Schuster, Norbert[59]"]
[Black "Ederer, Rene"]
[Result "1/2-1/2"]
[WhiteElo "1960"]
[BlackElo "1936"]
[Annotator "NT Nbg.3-SW Nbg.2"]
[PlyCount "42"]
[EventDate "2006.01.29"]
[SourceDate "2005.10.17"]

1. d4 Nf6 2. Nf3 c5 3. c4 e6 4. Nc3 cxd4 5. Nxd4 d6 6. Bg5 Be7 7. e3 a6 8. Be2
Qc7 9. O-O Nbd7 10. Rc1 O-O 11. Qc2 b6 12. f4 Re8 13. b3 g6 14. Bf3 Bb7 15. Qf2
Nc5 16. Qh4 Nce4 17. Bxe4 Nxe4 18. Nxe4 Bxe4 19. Nf3 Bxf3 20. Rxf3 f5 21. Bxe7
Qxe7 1/2-1/2

[Event "Mittelfrankenliga 05/06 (B1)"]
[Site "Mfr.2005/06-R5"]
[Date "2006.01.29"]
[Round "5.4"]
[White "Renner, Christian"]
[Black "Werner, Andreas[68]"]
[Result "1-0"]
[WhiteElo "1920"]
[BlackElo "1938"]
[Annotator "NT Nbg.3-SW Nbg.2"]
[PlyCount "87"]
[EventDate "2006.01.29"]
[SourceDate "2005.10.17"]

1. d4 d5 2. c4 e6 3. Nf3 Nf6 4. Nc3 c6 5. e3 Nbd7 6. Qc2 Bd6 7. Be2 O-O 8. O-O
dxc4 9. Bxc4 e5 10. h3 Qc7 11. Bd2 exd4 12. Nxd4 Ne5 13. Be2 Bd7 14. Rac1 a6
15. Na4 Rae8 16. b4 Qd8 17. Nc5 Bc8 18. Rfd1 Nfd7 19. Nf5 Nxc5 20. bxc5 Bb8 21.
f4 Bxf5 22. Qxf5 Qd7 23. Bg4 Qxf5 24. Bxf5 Ng6 25. Kf2 Re7 26. Bc3 Rfe8 27. Bd4
Nf8 28. Rb1 g6 29. Bc2 Ba7 30. Rb2 Nd7 31. Rxb7 Bxc5 32. Bxc5 Nxc5 33. Rxe7
Rxe7 34. Rd8+ Kg7 35. Rc8 Re6 36. Ke2 h5 37. Rc7 Kf6 38. Bb3 Nxb3 39. axb3 Rd6
40. b4 Ke6 41. Ra7 Kd5 42. Rxa6 Kc4 43. Rb6 f5 44. b5 1-0

[Event "Mittelfrankenliga 05/06 (B1)"]
[Site "Mfr.2005/06-R5"]
[Date "2006.01.29"]
[Round "5.5"]
[White "Luther, Helmut"]
[Black "Vogiatzis, Joannis"]
[Result "0-1"]
[WhiteElo "1896"]
[BlackElo "1921"]
[Annotator "NT Nbg.3-SW Nbg.2"]
[PlyCount "58"]
[EventDate "2006.01.29"]
[SourceDate "2005.10.17"]

1. d4 e6 2. c4 Nf6 3. Nf3 Bb4+ 4. Nc3 O-O 5. Qc2 c5 6. a3 Bxc3+ 7. Qxc3 b6 8.
dxc5 bxc5 9. Bg5 h6 10. Bh4 Bb7 11. e3 Qe7 12. Bd3 d6 13. Bc2 Nbd7 14. Rd1 Rfd8
15. Bg3 Nf8 16. O-O Ne4 17. Bxe4 Bxe4 18. Nd2 Bc6 19. b4 cxb4 20. axb4 a6 21.
Rb1 Rac8 22. Qa3 Qb7 23. f3 d5 24. c5 d4 25. e4 Ng6 26. Rfc1 Bb5 27. Bd6 e5 28.
g3 Kh7 29. Nc4 Bxc4 0-1

[Event "Mittelfrankenliga 05/06 (B1)"]
[Site "Mfr.2005/06-R5"]
[Date "2006.01.29"]
[Round "5.6"]
[White "Krauss, Hermann"]
[Black "Thuerauf, Peter"]
[Result "0-1"]
[WhiteElo "1999"]
[BlackElo "1863"]
[Annotator "NT Nbg.3-SW Nbg.2"]
[PlyCount "100"]
[EventDate "2006.01.29"]
[SourceDate "2005.10.17"]

1. c4 e6 2. Nc3 d5 3. cxd5 exd5 4. d4 c6 5. Nf3 Bf5 6. Bf4 Bb4 7. Qb3 Qb6 8. e3
Nf6 9. Be2 Ne4 10. Rc1 Nd7 11. O-O Bxc3 12. bxc3 Qxb3 13. axb3 O-O 14. c4 Rfc8
15. Rfd1 Nf8 16. h3 Ne6 17. Bh2 h6 18. Ne5 f6 19. Nd3 a5 20. h4 b5 21. c5 b4
22. Ra1 Nc3 23. Kf1 Nxd1 24. Rxd1 Nc7 25. Bxc7 Rxc7 26. Ra1 Bxd3 27. Bxd3 a4
28. bxa4 b3 29. Ke2 Rb7 30. Bb1 Ra5 31. Kd2 Rb4 32. Kc3 Raxa4 33. Rxa4 Rxa4 34.
Kxb3 Ra7 35. Bg6 Kf8 36. e4 Ke7 37. exd5 cxd5 38. Kb4 Rb7+ 39. Ka5 Rb2 40. g4
Kd7 41. Bf7 Kc6 42. Be8+ Kc7 43. Bf7 Rd2 44. Bxd5 Rxd4 45. Be6 Kc6 46. f3 Kxc5
47. Bf5 Kd5 48. Kb5 Ke5 49. Bc8 Kf4 50. Kc5 Rd3 0-1

[Event "Mittelfrankenliga 05/06 (B1)"]
[Site "Mfr.2005/06-R5"]
[Date "2006.01.29"]
[Round "5.8"]
[White "Puehn, Georg"]
[Black "Switt, Juri"]
[Result "1-0"]
[WhiteElo "1890"]
[BlackElo "1644"]
[Annotator "NT Nbg.3-SW Nbg.2"]
[PlyCount "35"]
[EventDate "2006.01.29"]
[SourceDate "2005.10.17"]

1. e4 c5 2. Nf3 Nc6 3. Bb5 a6 4. Bxc6 bxc6 5. O-O d5 6. e5 Bg4 7. c3 d4 8. h3
Bh5 9. cxd4 cxd4 10. g4 Bg6 11. Qa4 Qd7 12. Nxd4 Rd8 13. Qxc6 e6 14. Qxd7+ Rxd7
15. Nb3 Rd3 16. f3 Be7 17. Nc3 Nh6 18. Ne2 1-0

[Event "Mittelfrankenliga 05/06 (B1)"]
[Site "Mfr.2005/06-R5"]
[Date "2006.01.29"]
[Round "5.1"]
[White "Schneider, David[90]"]
[Black "Hoermann, Gunther"]
[Result "1-0"]
[WhiteElo "2181"]
[BlackElo "2131"]
[Annotator "Cadolzburg1-Großenseebach1"]
[PlyCount "47"]
[EventDate "2006.01.29"]
[SourceDate "2005.10.17"]

1. e4 d5 2. exd5 Qxd5 3. Nc3 Qa5 4. d4 c6 5. Bc4 Bf5 6. Bd2 e6 7. Qe2 Nf6 8. d5
cxd5 9. Nxd5 Qd8 10. Nxf6+ Qxf6 11. O-O-O Nc6 12. g4 Bxc2 13. Kxc2 Nd4+ 14. Kb1
Nxe2 15. Bb5+ Kd8 16. Bg5+ Kc7 17. Bxf6 Nxg1 18. Bc3 Nh3 19. Ba5+ b6 20. Rd7+
Kc8 21. Rc1+ Bc5 22. Rxf7 Ng5 23. Rxc5+ bxc5 24. Ba6+ 1-0

[Event "Mittelfrankenliga 05/06 (B1)"]
[Site "Mfr.2005/06-R5"]
[Date "2006.01.29"]
[Round "5.2"]
[White "Rausch, Wolfgang"]
[Black "Suess, Stefan[87]"]
[Result "0-1"]
[WhiteElo "2071"]
[BlackElo "1879"]
[Annotator "Cadolzburg1-Großenseebach1"]
[PlyCount "84"]
[EventDate "2006.01.29"]
[SourceDate "2005.10.17"]

1. d4 d5 2. Nf3 Nf6 3. c4 dxc4 4. Na3 e6 5. Nxc4 Bb4+ 6. Bd2 Bxd2+ 7. Ncxd2 O-O
8. e3 Nbd7 9. Rc1 Re8 10. Bc4 c6 11. O-O Qe7 12. Qb3 a6 13. Ne5 Nxe5 14. dxe5
Nd7 15. f4 b5 16. Be2 Bb7 17. Ne4 c5 18. Nd6 Bd5 19. Qc2 Red8 20. Bf3 Bxf3 21.
Rxf3 f6 22. Nb7 Rdc8 23. exf6 Nxf6 24. Na5 c4 25. a3 Qd8 26. Qc3 Nd5 27. Qe5
Qf6 28. Nb7 Qxe5 29. fxe5 c3 30. b4 Rf8 31. Kf2 Rfc8 32. e4 Nb6 33. Nd6 Rd8 34.
Ke3 Na4 35. Rc2 a5 36. bxa5 Rd7 37. Nxb5 Rxa5 38. Nd4 Rxe5 39. Rcf2 h6 40. Rf8+
Kh7 41. Re8 Nc5 42. Nc2 Rxe4+ 0-1

[Event "Mittelfrankenliga 05/06 (B1)"]
[Site "Mfr.2005/06-R5"]
[Date "2006.01.29"]
[Round "5.3"]
[White "Seyb, Dieter"]
[Black "Strobel, Norbert"]
[Result "1/2-1/2"]
[WhiteElo "2219"]
[BlackElo "1998"]
[Annotator "Cadolzburg1-Großenseebach1"]
[PlyCount "55"]
[EventDate "2006.01.29"]
[SourceDate "2005.10.17"]

1. e4 c6 2. d4 d5 3. e5 Bf5 4. Be3 e6 5. Nd2 b5 6. a4 Qb6 7. a5 Qc7 8. c3 a6 9.
b4 h5 10. Be2 Bg6 11. Nh3 f6 12. Nf4 Qf7 13. O-O Nd7 14. Nxg6 Qxg6 15. f4 f5
16. Rf3 Qf7 17. Rh3 g6 18. Nf3 O-O-O 19. Bf2 Nh6 20. Bh4 Re8 21. Rg3 Be7 22.
Bxe7 Rxe7 23. Ng5 Qe8 24. Qe1 Nf8 25. Rf3 Rg7 26. Rf1 Nf7 27. Nxf7 Qxf7 28. h4
1/2-1/2

[Event "Mittelfrankenliga 05/06 (B1)"]
[Site "Mfr.2005/06-R5"]
[Date "2006.01.29"]
[Round "5.4"]
[White "Metzenroth, Dieter"]
[Black "Borel, Markus"]
[Result "1/2-1/2"]
[WhiteElo "1855"]
[BlackElo "1889"]
[Annotator "Cadolzburg1-Großenseebach1"]
[PlyCount "91"]
[EventDate "2006.01.29"]
[SourceDate "2005.10.17"]

1. d4 Nf6 2. Bg5 e6 3. e4 Be7 4. e5 Nd5 5. Bxe7 Qxe7 6. Qd2 d6 7. c4 Nb6 8. Nf3
Nc6 9. Nc3 O-O 10. Bd3 Rd8 11. Qe2 dxe5 12. dxe5 f6 13. exf6 gxf6 14. O-O Kh8
15. Rad1 Rg8 16. Rfe1 e5 17. Be4 Bh3 18. g3 Bg4 19. Bxc6 bxc6 20. Rd2 Qf7 21.
b3 Qh5 22. Rd3 Rg6 23. Qe3 Rh6 24. h4 Rg8 25. Red1 Nc8 26. Kh2 Nd6 27. R1d2 Nf5
28. Qe4 Qg6 29. Rd8 Bxf3 30. Rxg8+ Kxg8 31. Rd8+ Kf7 32. Qxf3 Ke7 33. Qd3 Nd4
34. Qxg6 hxg6 35. Ra8 f5 36. Kg2 Kd6 37. Rxa7 Rh7 38. Kf1 Rh8 39. Kg2 Rc8 40.
Kf1 Kc5 41. Rb7 Ne6 42. Ke2 Ra8 43. Kd3 Kd6 44. Rb4 Nc5+ 45. Kd2 Kd7 46. Ke3
1/2-1/2

[Event "Mittelfrankenliga 05/06 (B1)"]
[Site "Mfr.2005/06-R5"]
[Date "2006.01.29"]
[Round "5.5"]
[White "Seyb, Alexander"]
[Black "Zwingel, Stephan"]
[Result "1-0"]
[WhiteElo "2076"]
[BlackElo "1911"]
[Annotator "Cadolzburg1-Großenseebach1"]
[PlyCount "63"]
[EventDate "2006.01.29"]
[SourceDate "2005.10.17"]

1. e4 c6 2. d4 d5 3. e5 c5 4. dxc5 Nc6 5. Bb5 e6 6. Be3 Nge7 7. c3 Bd7 8. Bxc6
Nxc6 9. f4 g5 10. fxg5 h6 11. Nf3 hxg5 12. Bxg5 Qc7 13. Bf6 Rg8 14. Qe2 Bxc5
15. Nbd2 Rc8 16. h4 Be7 17. Bxe7 Kxe7 18. h5 Rcf8 19. O-O-O b5 20. Kb1 a5 21.
h6 f6 22. h7 Rh8 23. exf6+ Rxf6 24. Nb3 Be8 25. Rxd5 Bg6+ 26. Ka1 Rxh7 27.
Rxh7+ Bxh7 28. Rxb5 Rh6 29. Qe1 Qd7 30. Nbd4 Nxd4 31. Nxd4 Be4 32. Re5 1-0

[Event "Mittelfrankenliga 05/06 (B1)"]
[Site "Mfr.2005/06-R5"]
[Date "2006.01.29"]
[Round "5.6"]
[White "Truempelmann, Jochen"]
[Black "Linsenmeyer, Mario"]
[Result "0-1"]
[WhiteElo "1894"]
[BlackElo "1947"]
[Annotator "Cadolzburg1-Großenseebach1"]
[PlyCount "129"]
[EventDate "2006.01.29"]
[SourceDate "2005.10.17"]

1. d4 Nf6 2. g3 e6 3. Bg2 d5 4. Nf3 c5 5. O-O Nc6 6. c3 Be7 7. b3 O-O 8. Bb2
Qc7 9. Nbd2 Rd8 10. Qc2 b6 11. e4 cxd4 12. cxd4 dxe4 13. Nxe4 Nd5 14. Neg5 g6
15. Rac1 Bb7 16. Qe4 Bxg5 17. Nxg5 Qe7 18. Nf3 Rac8 19. Ne5 Nf6 20. Qh4 Nd5 21.
Qe4 Nf6 22. Qh4 Nd5 23. Qh6 Qf6 24. Ng4 Qg7 25. Qd2 Nce7 26. Ne5 Nf5 27. Rxc8
Rxc8 28. Rc1 Qf8 29. Bf1 Qd8 30. Be2 Rc7 31. Nf3 Qc8 32. a3 Rxc1+ 33. Qxc1
Qxc1+ 34. Bxc1 Nc3 35. Kf1 Nxe2 36. Kxe2 Bxf3+ 37. Kxf3 Nxd4+ 38. Ke4 Nxb3 39.
Be3 f6 40. Kd3 Kf7 41. Kc4 Na5+ 42. Kb5 Ke7 43. Ka6 Nc6 44. Kb7 Kd6 45. a4 g5
46. g4 h6 47. f4 e5 48. fxe5+ fxe5 49. Bf2 e4 50. h4 gxh4 51. Bxh4 e3 52. g5
hxg5 53. Bxg5 e2 54. Bh4 Kc5 55. Bf2+ Kb4 56. Kxc6 Kxa4 57. Be1 b5 58. Kc5 a5
59. Kd4 b4 60. Bd2 b3 61. Kc3 Ka3 62. Bc1+ b2 63. Bxb2+ Ka2 64. Kd2 Kxb2 65.
Kxe2 0-1

[Event "Mittelfrankenliga 05/06 (B1)"]
[Site "Mfr.2005/06-R5"]
[Date "2006.01.29"]
[Round "5.7"]
[White "Rosin, Ralf"]
[Black "Kollitz, Carsten"]
[Result "1-0"]
[WhiteElo "1961"]
[BlackElo "1708"]
[Annotator "Cadolzburg1-Großenseebach1"]
[PlyCount "65"]
[EventDate "2006.01.29"]
[SourceDate "2005.10.17"]

1. e4 e5 2. Nf3 Nc6 3. c3 Nf6 4. d4 Nxe4 5. d5 Nb8 6. Bd3 Nf6 7. Nxe5 d6 8.
Bb5+ Nbd7 9. Nf3 a6 10. Bxd7+ Bxd7 11. O-O Be7 12. c4 O-O 13. Be3 Bg4 14. Nbd2
Qd7 15. Qc2 Bf5 16. Qb3 b5 17. Nd4 bxc4 18. Qxc4 Rfc8 19. Rfe1 Bg6 20. Bg5 h6
21. Bf4 Bd8 22. Rac1 Rcb8 23. b3 a5 24. Nc6 Rb7 25. Nf3 Qf5 26. Bg3 Kf8 27. Bh4
Bh7 28. Nfd4 Qf4 29. Ne6+ fxe6 30. Qxf4 g5 31. Bxg5 hxg5 32. Qxg5 Kf7 33. dxe6+
1-0

[Event "Mittelfrankenliga 05/06 (B1)"]
[Site "Mfr.2005/06-R5"]
[Date "2006.01.29"]
[Round "5.8"]
[White "Jesenek, Leopold"]
[Black "Meyer, Harald"]
[Result "0-1"]
[WhiteElo "1494"]
[BlackElo "1774"]
[Annotator "Cadolzburg1-Großenseebach1"]
[PlyCount "86"]
[EventDate "2006.01.29"]
[SourceDate "2005.10.17"]

1. e4 c5 2. Nf3 e6 3. d4 cxd4 4. Nxd4 a6 5. Bd3 Qc7 6. Be3 Nf6 7. Qe2 Nc6 8. c3
Be7 9. Nxc6 dxc6 10. Nd2 b5 11. Rc1 c5 12. c4 b4 13. O-O Bb7 14. f4 h5 15. h3
h4 16. e5 Nh5 17. Qg4 O-O-O 18. Be4 Ng3 19. Bxb7+ Qxb7 20. Rfd1 Rd3 21. Bf2
Rhd8 22. Nf1 Qe4 23. Re1 Qf5 24. Qxf5 Nxf5 25. Kh2 g5 26. fxg5 Bxg5 27. Rc2 Nd4
28. Bxd4 R8xd4 29. b3 Kd8 30. Kh1 Rd1 31. Rce2 Ke7 32. Nh2 R4d2 33. Nf3 Rxe2
34. Rxd1 Bf4 35. Nxh4 Bg3 36. Nf3 Rxa2 37. Nd2 Bxe5 38. Ne4 Bd4 39. h4 f5 40.
Ng5 Rb2 41. Rd3 Bc3 42. h5 Rxb3 43. h6 Rb1+ 0-1

[Event "Mittelfrankenliga 05/06 (B1)"]
[Site "Mfr.2005/06-R5"]
[Date "2006.01.29"]
[Round "5.1"]
[White "Kroneder, Christian"]
[Black "Seitz, Hans"]
[Result "1/2-1/2"]
[WhiteElo "2077"]
[BlackElo "2016"]
[Annotator "Herzogenaurach1-Schwanstetten1"]
[PlyCount "114"]
[EventDate "2006.01.29"]
[SourceDate "2005.10.17"]

1. Nf3 d5 2. d4 Nf6 3. c4 c6 4. Nc3 dxc4 5. a4 Bf5 6. Nh4 e6 7. Nxf5 exf5 8. e3
Bd6 9. Bxc4 O-O 10. h3 Nbd7 11. g4 Qa5 12. Bd2 Bb4 13. Qf3 Ne4 14. Qxf5 Nxd2
15. Kxd2 Qc7 16. Ke2 Rae8 17. Ne4 Be7 18. h4 Nf6 19. Ng5 g6 20. Qc2 Qd7 21.
Rag1 Nd5 22. Nf3 Bf6 23. g5 Bg7 24. h5 Re6 25. Rh4 Rfe8 26. e4 Qe7 27. e5 Qd7
28. Rgh1 Rd8 29. hxg6 hxg6 30. Qe4 Ne7 31. Rf4 Nf5 32. Bxe6 Qxe6 33. Qc2 Rd5
34. Kf1 Qd7 35. Qc3 Bf8 36. Nd2 Bg7 37. Nf3 b6 38. Kg2 c5 39. dxc5 Rxc5 40. Qb3
Qc6 41. Re1 Bxe5 42. Rfe4 Bd6 43. Qd3 Bf8 44. Kg1 Rd5 45. Qc3 Qd7 46. Ne5 Qd8
47. Ng4 Qxg5 48. Kf1 Bg7 49. Qh3 Nd6 50. R4e3 Rd4 51. Ne5 Nf5 52. Rc3 Bxe5 53.
Rc8+ Rd8 54. Rxd8+ Qxd8 55. Rxe5 Qd1+ 56. Re1 Qd7 57. Qc3 Qxa4 1/2-1/2

[Event "Mittelfrankenliga 05/06 (B1)"]
[Site "Mfr.2005/06-R5"]
[Date "2006.01.29"]
[Round "5.2"]
[White "Glitz, Martin"]
[Black "Wittmann, Karl"]
[Result "1/2-1/2"]
[WhiteElo "1990"]
[BlackElo "2056"]
[Annotator "Herzogenaurach1-Schwanstetten1"]
[PlyCount "103"]
[EventDate "2006.01.29"]
[SourceDate "2005.10.17"]

1. e4 e5 2. Nf3 Nc6 3. Bb5 a6 4. Ba4 Nf6 5. O-O b5 6. Bb3 Be7 7. Re1 d6 8. c3
O-O 9. h3 Na5 10. Bc2 c5 11. d4 Nc6 12. d5 Nb8 13. a4 Bb7 14. Nbd2 Nbd7 15. Nf1
Re8 16. Ng3 g6 17. Nh2 Bf8 18. Bg5 h6 19. Be3 Kh7 20. b3 Bg7 21. Qd3 Qb6 22.
Qd2 Qc7 23. Ng4 Ng8 24. f4 h5 25. Nh2 exf4 26. Bxf4 Ne5 27. Rf1 c4 28. b4 Qe7
29. Nf3 Nxf3+ 30. Rxf3 f6 31. a5 Bh6 32. Bxh6 Nxh6 33. Raf1 Rf8 34. Ne2 Bc8 35.
Nd4 Bd7 36. Qf2 Kg7 37. Qg3 Qe5 38. Ne2 Qxg3 39. Nxg3 Rae8 40. R3f2 Re5 41. Ne2
f5 42. Nd4 Rf7 43. Nf3 Re8 44. Ng5 Rff8 45. Rf4 fxe4 46. Rxf8 Rxf8 47. Rxf8
Kxf8 48. Bxe4 Kg7 49. Kf2 Kf6 50. Nh7+ Kg7 51. Ng5 Kf6 52. Nh7+ 1/2-1/2

[Event "Mittelfrankenliga 05/06 (B1)"]
[Site "Mfr.2005/06-R5"]
[Date "2006.01.29"]
[Round "5.3"]
[White "Manthey, Frank"]
[Black "Walther, Reinhard"]
[Result "1-0"]
[WhiteElo "2018"]
[BlackElo "1980"]
[Annotator "Herzogenaurach1-Schwanstetten1"]
[PlyCount "75"]
[EventDate "2006.01.29"]
[SourceDate "2005.10.17"]

1. e4 d6 2. d4 Nf6 3. Nc3 g6 4. f4 Bg7 5. Nf3 c5 6. dxc5 Qa5 7. Bd3 Qxc5 8. Qe2
Nc6 9. Be3 Qa5 10. O-O Ng4 11. Bd2 Nd4 12. Nxd4 Bxd4+ 13. Kh1 Qh5 14. h3 Nf6
15. Qxh5 Nxh5 16. Kh2 Bd7 17. Nd5 Rc8 18. c3 Bg7 19. Be3 e6 20. Nb4 a6 21. Rad1
Ke7 22. g4 Nf6 23. f5 a5 24. Nc2 h6 25. Bd4 e5 26. Bb6 g5 27. Bxa5 h5 28. Kg3
hxg4 29. hxg4 Rh4 30. Rh1 Rch8 31. Rxh4 Rxh4 32. Ne3 Bc6 33. Bb4 Bxe4 34. Bxe4
Nxe4+ 35. Kf3 Nc5 36. f6+ Bxf6 37. Nf5+ Ke6 38. Rxd6# 1-0

[Event "Mittelfrankenliga 05/06 (B1)"]
[Site "Mfr.2005/06-R5"]
[Date "2006.01.29"]
[Round "5.4"]
[White "Trockmann, Rafael"]
[Black "Kotissek, Philipp"]
[Result "1/2-1/2"]
[WhiteElo "1912"]
[BlackElo "2048"]
[Annotator "Herzogenaurach1-Schwanstetten1"]
[PlyCount "104"]
[EventDate "2006.01.29"]
[SourceDate "2005.10.17"]

1. Nf3 g6 2. e4 Bg7 3. d4 d6 4. Nc3 Nf6 5. h3 c6 6. Be3 b5 7. Bd3 O-O 8. Qd2
Nbd7 9. O-O Qc7 10. Rab1 a6 11. Ne2 e5 12. c3 d5 13. dxe5 Nxe4 14. Qc2 Nxe5 15.
Nxe5 Bxe5 16. Bh6 Re8 17. Nd4 Nc5 18. Rbe1 Nxd3 19. Qxd3 Bd7 20. h4 Bf4 21.
Bxf4 Qxf4 22. Nf3 Bg4 23. Nd4 c5 24. Nf3 Bxf3 25. Qxf3 Qxf3 26. gxf3 Kg7 27.
Re3 Kf6 28. Rfe1 Re6 29. Rd1 Rd8 30. Kf1 Kf5 31. b4 cxb4 32. cxb4 d4 33. Red3
Kf4 34. Rc1 h5 35. Rc7 f6 36. Rg7 Kf5 37. Rc7 Rdd6 38. Rc5+ Re5 39. Rc8 Re7 40.
Rc5+ Ke6 41. Rc1 Kf5 42. Rcd1 Red7 43. Kg2 Ke5 44. Kg3 Rc7 45. f4+ Kf5 46. a3
Rc4 47. f3 Ke6 48. Re1+ Kd5 49. f5 g5 50. Re4 a5 51. bxa5 Ra4 52. Rb3 Rxa5
1/2-1/2

[Event "Mittelfrankenliga 05/06 (B1)"]
[Site "Mfr.2005/06-R5"]
[Date "2006.01.29"]
[Round "5.5"]
[White "Arlt, Michael"]
[Black "Wellmann, Franz Georg"]
[Result "1-0"]
[WhiteElo "1944"]
[BlackElo "1863"]
[Annotator "Herzogenaurach1-Schwanstetten1"]
[PlyCount "119"]
[EventDate "2006.01.29"]
[SourceDate "2005.10.17"]

1. e4 Nc6 2. Nf3 e5 3. Bb5 a6 4. Ba4 Nf6 5. O-O b5 6. Bb3 Be7 7. Re1 O-O 8. c3
d6 9. h3 Na5 10. Bc2 c5 11. d4 Qc7 12. Nbd2 cxd4 13. cxd4 Nc6 14. d5 Nb4 15.
Bb1 a5 16. a3 Na6 17. b4 Qc3 18. Ra2 Qc7 19. Nb3 axb4 20. axb4 Bd7 21. Bd2 Rfc8
22. Bd3 Nxb4 23. Rxa8 Nxd3 24. Rxc8+ Qxc8 25. Re2 Bxh3 26. gxh3 Qxh3 27. Qf1
Qxf3 28. Re3 Qxf2+ 29. Qxf2 Nxf2 30. Kxf2 Ng4+ 31. Kf3 Nxe3 32. Bxe3 h5 33. Bd2
Kf8 34. Bb4 Ke8 35. Na5 g6 36. Nc6 f5 37. exf5 gxf5 38. Na7 e4+ 39. Kf4 h4 40.
Nxb5 Kd7 41. Nd4 h3 42. Kg3 f4+ 43. Kxh3 f3 44. Nf5 Bf6 45. Kg3 Be5+ 46. Kf2
Bf4 47. Ng3 Be5 48. Nxe4 Kc7 49. Kxf3 Kd7 50. Ke3 Kc7 51. Kd3 Bf4 52. Kc4 Kd7
53. Kb5 Be5 54. Kb6 Bf4 55. Nf6+ Ke7 56. Bc3 Be3+ 57. Kc7 Bf4 58. Ne4 Ke8 59.
Bb4 Be3 60. Nxd6+ 1-0

[Event "Mittelfrankenliga 05/06 (B1)"]
[Site "Mfr.2005/06-R5"]
[Date "2006.01.29"]
[Round "5.6"]
[White "Boehm, Reinhard,Dr."]
[Black "Cipra, Lothar"]
[Result "1-0"]
[WhiteElo "1844"]
[BlackElo "1908"]
[Annotator "Herzogenaurach1-Schwanstetten1"]
[PlyCount "113"]
[EventDate "2006.01.29"]
[SourceDate "2005.10.17"]

1. e4 c5 2. Nc3 e6 3. g3 d5 4. d3 d4 5. Nce2 Nc6 6. Bg2 e5 7. f4 Bd6 8. Nf3 Nf6
9. h3 Qc7 10. f5 h6 11. g4 b5 12. O-O Bb7 13. Bd2 c4 14. b3 Qb6 15. Be1 Bc5 16.
Bh4 cxd3 17. cxd3 Nxe4 18. dxe4 d3+ 19. Kh2 dxe2 20. Qxe2 Nd4 21. Nxd4 Bxd4 22.
Bf2 Rd8 23. Rad1 O-O 24. Bxd4 Rxd4 25. Rxd4 Qxd4 26. Rd1 Qb6 27. Qd2 Rc8 28.
Kg3 b4 29. Kh2 Rc3 30. Qd8+ Kh7 31. Qxb6 axb6 32. Rd7 Bc6 33. Rxf7 Rc2 34. Kg3
Rxa2 35. Re7 Rb2 36. f6 Rxb3+ 37. Kh4 Rc3 38. Rxg7+ Kh8 39. Kh5 b3 40. Kxh6 Be8
41. Rb7 Rc6 42. g5 b2 43. Re7 Kg8 44. Rxe8+ Kf7 45. Re7+ Kf8 46. Bf3 b1=Q 47.
Bh5 Rc8 48. Rh7 Qb3 49. Rh8+ Qg8 50. Rxg8+ Kxg8 51. f7+ Kf8 52. g6 Rc6 53. Be2
Rc3 54. h4 Re3 55. Bc4 Rxe4 56. g7+ Ke7 57. f8=Q+ 1-0

[Event "Mittelfrankenliga 05/06 (B1)"]
[Site "Mfr.2005/06-R5"]
[Date "2006.01.29"]
[Round "5.7"]
[White "Vogt, Peter[62]"]
[Black "Habermann, Manfred,Dr."]
[Result "1/2-1/2"]
[WhiteElo "1870"]
[BlackElo "1890"]
[Annotator "Herzogenaurach1-Schwanstetten1"]
[PlyCount "142"]
[EventDate "2006.01.29"]
[SourceDate "2005.10.17"]

1. e4 e6 2. d4 d5 3. Nc3 dxe4 4. Nxe4 Bd7 5. Nf3 Bc6 6. Bd3 Nd7 7. O-O Ngf6 8.
Nxf6+ Qxf6 9. Be3 Bxf3 10. Qxf3 Qxf3 11. gxf3 Bd6 12. f4 O-O 13. f5 e5 14. c3
Nf6 15. dxe5 Bxe5 16. Be2 Rfe8 17. Rad1 Rad8 18. Bf3 c6 19. Rxd8 Rxd8 20. Bxa7
Ra8 21. Rd1 g6 22. Bc5 gxf5 23. a3 Kg7 24. Bd4 Bxd4 25. Rxd4 Re8 26. Rb4 Re7
27. Kg2 Ne4 28. a4 Kf6 29. a5 Ke5 30. a6 bxa6 31. Rb6 Kd5 32. Rxa6 Rb7 33. b4
Rc7 34. Ra5+ Ke6 35. Bxe4 fxe4 36. Kg3 Rd7 37. Rc5 Rd3+ 38. Kf4 Kd6 39. Kxe4
Rh3 40. Kd4 Rxh2 41. Rf5 Ke6 42. Rf3 Rh5 43. c4 h6 44. Re3+ Kd6 45. c5+ Kd7 46.
Rf3 Ke6 47. Kc3 Rf5 48. Re3+ Re5 49. Rd3 Rd5 50. Rh3 h5 51. Kb3 Rf5 52. Ka4
Rxf2 53. Rxh5 f5 54. Ka5 Rb2 55. Rh6+ Kd5 56. Rf6 Rf2 57. Kb6 Rf4 58. Rd6+ Kc4
59. b5 cxb5 60. c6 Rh4 61. c7 Rh8 62. Rd8 Rh6+ 63. Ka5 Rc6 64. c8=Q Rxc8 65.
Rxc8+ Kd3 66. Kxb5 f4 67. Rf8 Ke3 68. Kc4 f3 69. Re8+ Kd2 70. Kd4 f2 71. Rf8
Ke2 1/2-1/2

[Event "Mittelfrankenliga 05/06 (B1)"]
[Site "Mfr.2005/06-R5"]
[Date "2006.01.29"]
[Round "5.8"]
[White "Eichstaedt, Timm"]
[Black "Kotissek, Robert"]
[Result "0-1"]
[WhiteElo "1861"]
[BlackElo "1775"]
[Annotator "Herzogenaurach1-Schwanstetten1"]
[PlyCount "98"]
[EventDate "2006.01.29"]
[SourceDate "2005.10.17"]

1. Nf3 Nf6 2. d4 g6 3. c4 d6 4. Nc3 Bg7 5. Bg5 O-O 6. e4 Nbd7 7. Be2 e5 8. Qc1
Qe8 9. dxe5 dxe5 10. Nb5 Qd8 11. O-O a6 12. Nc3 c6 13. Rd1 Qc7 14. Bh6 Nc5 15.
Bxg7 Kxg7 16. Qe3 Ne6 17. h3 Nf4 18. Bf1 h6 19. Qc5 Re8 20. b4 Bd7 21. Rd2 g5
22. Rad1 Ng6 23. Nd5 Nxd5 24. cxd5 Rac8 25. d6 Qd8 26. a4 b5 27. Qe3 a5 28. Rc1
axb4 29. axb5 cxb5 30. Rdc2 Qa5 31. Rxc8 Rxc8 32. Rxc8 Bxc8 33. Qc5 Bd7 34.
Nxe5 Nxe5 35. Qxe5+ Kg6 36. Qb2 Qa3 37. Qb1 Kf6 38. Qd1 Qc3 39. Bd3 b3 40. Qf3+
Kg7 41. Qd1 b2 42. Bc2 b4 43. Kh2 Be6 44. Bb1 Bb3 45. Qd3 Qxd3 46. Bxd3 Kf8 47.
Bb1 Ke8 48. e5 Bd1 49. Kg3 b3 0-1

[Event "Mittelfrankenliga 05/06 (B1)"]
[Site "Mfr.2005/06-R5"]
[Date "2006.01.29"]
[Round "5.1"]
[White "Trefny, Vlastimil"]
[Black "Gueting, Jens"]
[Result "0-1"]
[WhiteElo "2201"]
[BlackElo "2169"]
[Annotator "Nbg.1911/1-SG/TB Erlangen1"]
[PlyCount "82"]
[EventDate "2006.01.29"]
[SourceDate "2005.10.17"]

1. e4 Nf6 2. e5 Nd5 3. d4 d6 4. Bc4 Nb6 5. Bb3 dxe5 6. Qh5 e6 7. dxe5 a5 8. a4
Na6 9. Nf3 Nc5 10. Ba2 Bd7 11. O-O Bxa4 12. Na3 Bc6 13. Ng5 g6 14. Qh3 Bg7 15.
Be3 Nbd7 16. Nxh7 b6 17. Rad1 Qc8 18. Bxc5 Nxc5 19. Rfe1 Qb7 20. f3 Rd8 21. Qh4
Rxd1 22. Rxd1 Nd7 23. Nc4 b5 24. Ne3 Qb6 25. Kf2 Bxe5 26. Ke2 Bg7 27. Ng4 g5
28. Qh3 Bd5 29. Bxd5 exd5 30. Kf1 Qg6 31. Rxd5 Rxh7 32. Nf6+ Bxf6 33. Qxd7+ Kf8
34. Qxc7 Kg7 35. Rxb5 Rh8 36. Rxa5 Rd8 37. Rb5 Qh5 38. Qc4 Qxh2 39. Qb4 Qh1+
40. Kf2 Qd1 41. Kg3 Qxc2 0-1

[Event "Mittelfrankenliga 05/06 (B1)"]
[Site "Mfr.2005/06-R5"]
[Date "2006.01.29"]
[Round "5.2"]
[White "Demburg, Dimitrij"]
[Black "Goetz, Andreas[66]"]
[Result "1/2-1/2"]
[WhiteElo "1956"]
[BlackElo "2101"]
[Annotator "Nbg.1911/1-SG/TB Erlangen1"]
[PlyCount "34"]
[EventDate "2006.01.29"]
[SourceDate "2005.10.17"]

1. e4 c6 2. Nf3 d5 3. exd5 cxd5 4. d4 Nf6 5. Bd3 g6 6. Nc3 Bg7 7. Bf4 O-O 8.
Qd2 Nc6 9. a3 Re8 10. O-O-O Nh5 11. Be3 e5 12. Bb5 e4 13. Ne5 Bxe5 14. dxe5
Rxe5 15. Nxd5 Bg4 16. Bc4 b5 17. Bb3 Bxd1 1/2-1/2